Application of FFT spectrum analysis to the evaluation of roughness of wood sanding surface (Record no. 47802)

MARC details
000 -LEADER
fixed length control field 00508nam a2200181Ia 4500
100 ## - MAIN ENTRY--AUTHOR NAME
Personal name Huang Y S
245 #0 - TITLE STATEMENT
Title Application of FFT spectrum analysis to the evaluation of roughness of wood sanding surface
260 ## - PUBLICATION, DISTRIBUTION, ETC. (IMPRINT)
Name of publisher Forest Products Industries
Year of publication 1990
300 ## - PHYSICAL DESCRIPTION
Number of Pages 61-70
500 ## - GENERAL NOTE
General note CAB CD 1993-94
650 ## - SUBJECT ADDED ENTRY--TOPICAL TERM
Topical Term Logging
650 ## - SUBJECT ADDED ENTRY--TOPICAL TERM
Topical Term Surface quality
650 ## - SUBJECT ADDED ENTRY--TOPICAL TERM
Topical Term Wood processing
650 ## - SUBJECT ADDED ENTRY--TOPICAL TERM
Topical Term Wood properties
700 ## - ADDED ENTRY--PERSONAL NAME
Personal name Chen S S
942 ## - ADDED ENTRY ELEMENTS (KOHA)
Koha item type Bibliography RLWO
Holdings
Withdrawn status Lost status Damaged status Not for loan Home library Current library Date acquired Serial Enumeration / chronology Koha item type
      Bibliography RRII Library RRII Library 31/12/2021 Volume 9, Issue 2 Bibliography RLWO